01621cam a2200313 a 450000100100000000500170001000800410002702000150006804000200008304100380010308200200014110000310016124000450019224501530023726000520039030000180044249000160046050400530047650503020052950502030083153400660103465000300110065000260113065000270115665000280118365000420121170000350125383000190128800000425320200929151422.0810924s1987 ag b 001 0 spa  a950180089x aDO-SdBNPdBNPHU17aspaheng2Código de idioma MARC a813.5409bK184n1 aKarl, Frederick R.,d1927-10aAmerican fictions, 1940-1980.lEspañol10aNarrativa norteamericana, (1940-1980) :bla novela, el cuento, la novela no ficticia /cFrederick R. Karl ; traducción de Alejandra Guibert Riera. aBuenos Aires, Argentina :bTres Tiempos,c1987. a2 v ;c30 cm.1 aEnsayosv43 aIncluye referencias bibliográficas e índice.2 av. 1. Temas y subtemas. El espacio y lo espacial en Estados Unidos. La persistencia de lo pastoral. La guerra y la novela : antes y después. Crecer en los Estados Unidos: los años 40 y de allí en en adelante. La década de la imitación. La novela política: de los años 50 en adelante.2 av. 2. Los años 60: la mujer que grito yo soy. Las posibilidades del minimalismo. La experiencia de la mujer. Los años 70: donde estamos. La novela no ficticia. Quienes somos y hacia donde vamos. pTítulo original en inglés:tAmerican fictions, 1940-1980. 4aLiteratura estadounidense 4aNovela estadounidense 4aCuentos estadounidense 4aEnsayos estadounidenses 4aNovela de ciencia ficción americana1 aGuibert Riera, Alejandra,etr. 0aEnsayos ;v43.